000 01362nam a22002657a 4500
001 132728
003 UA-OsUOA
005 20260324141456.0
007 ta
008 20180903b un ||-ura|||| 00| 0 ukrpdukr d
020 _a5308001642
040 _aUA-OsUOA
_bukr
_cUA-OsUOA
_dUA-OsUOA
041 _aukr
080 _a821.161.2
090 _a821.161.2
_bЗ-81
245 _aЗолотослов. Поетичний космос Давньої Русі
_cупор., передм. та переклади Михайла Москаленка
260 _aКиїв
_bДніпро
_c1988
300 _a296 с.
520 _aДо книжки увійшли найдавніші за походженням тексти народної поезії росіян, українців та білорусів. Широко представлені фольклорні мотиви індоєвропейського, праслов'янського та давньоруського походження, у яких втілені роетичні погляди давніз слов'ян на природний космос.
650 7 _a82 Література. Літературознавство
_2UDC
_915
700 1 _aМоскаленка М.
_924619
942 _cBK
_2udc
955 _a3
999 _c421230
_d421230